[Event "2. Solinger Karnevalsopen"]
[Site "Solingen"]
[Date "2011.03.05"]
[Round "2.24"]
[White "Stahnecker, Thomas"]
[Black "Bondarchuk, Vadim"]
[Result "0-1"]
[WhiteElo "1527"]
[BlackElo "1995"]
[PlyCount "142"]
[EventDate "2011.??.??"]

1. e4 e5 2. Nf3 Nf6 3. Nxe5 d6 4. Nf3 Nxe4 5. Qe2 Qe7 6. d3 Nf6 7. Qxe7+ Bxe7
8. Be2 Nc6 9. a3 O-O 10. O-O Re8 11. h3 Bf8 12. Re1 g6 13. Nc3 Be6 14. Bd2 Bg7
15. Rab1 a6 16. Be3 Re7 17. Red1 Rae8 18. d4 d5 19. Na4 Bc8 20. Nc5 b6 21. Nxa6
Ne4 22. Bb5 Bb7 23. Nb4 Nxb4 24. Bxe8 Nxc2 25. Ba4 Nxe3 26. fxe3 Bh6 27. Re1 f6
28. Rbd1 Nd6 29. Kh1 Kf8 30. Bc2 Nc4 31. Rb1 Bxe3 32. Bd3 Nd6 33. Re2 f5 34.
Rbe1 f4 35. g3 Ne4 36. Bxe4 dxe4 37. Nh4 Bxd4 38. gxf4 Ba6 39. Rd2 c5 40. Ng2
e3 41. Rdd1 Bb7 42. Kh2 Bxg2 43. Kxg2 Bxb2 44. Rd8+ Kf7 45. Rd3 Bd4 46. Kf3 Kf6
47. Re2 Kf5 48. Rb3 Re6 49. Rb5 Kf6 50. a4 h5 51. a5 bxa5 52. Rxa5 Rb6 53. Ra8
Rb1 54. Raa2 Kf5 55. Rg2 Rf1+ 56. Ke2 Rxf4 57. Ra8 Rf2+ 58. Rxf2+ exf2 59. Rf8+
Kg5 60. Rg8 Kf6 61. h4 Kf5 62. Rf8+ Ke6 63. Rf3 c4 64. Rf8 c3 65. Rc8 Kf5 66.
Rc4 Ke4 67. Rc6 f1=Q+ 68. Kxf1 Kd3 69. Rxg6 c2 70. Rc6 Bc3 71. Rd6+ Ke4 0-1

[Event "2. Solinger Karnevalsopen"]
[Site "Solingen"]
[Date "2011.03.05"]
[Round "2.25"]
[White "Reinhardt, Klaus"]
[Black "Schlepuetz, Volker"]
[Result "1-0"]
[WhiteElo "1861"]
[BlackElo "1395"]
[PlyCount "67"]
[EventDate "2011.??.??"]

1. f4 d5 2. Nf3 Nf6 3. b3 Bg4 4. Bb2 Bxf3 5. exf3 Nbd7 6. d4 e6 7. Bd3 Nh5 8.
g3 f5 9. Qe2 Qf6 10. Nd2 O-O-O 11. O-O-O Bd6 12. Kb1 Rhe8 13. Rhe1 Qf8 14. c4
c5 15. Qf2 Nhf6 16. Re2 cxd4 17. Bxd4 Bc5 18. cxd5 Nxd5 19. Rc1 b6 20. Bb5 Kb7
21. Bxd7 Bxd4 22. Bc6+ Kb8 23. Qxd4 Re7 24. Qe5+ Nc7 25. Nc4 Qf6 26. Qxf6 gxf6
27. Kc2 Na6 28. a3 Rc7 29. Bb5 Nc5 30. b4 Nd3 31. Rd1 Nxb4+ 32. axb4 Rxc4+ 33.
Bxc4 Rc8 34. Kb3 1-0

[Event "2. Solinger Karnevalsopen"]
[Site "Solingen"]
[Date "2011.03.05"]
[Round "2.26"]
[White "Yilmaz, Ahmet"]
[Black "Moeller, Jeremy"]
[Result "0-1"]
[WhiteElo "1874"]
[BlackElo "1850"]
[PlyCount "78"]
[EventDate "2011.??.??"]

1. e4 e5 2. d4 Nc6 3. dxe5 Nxe5 4. Nf3 Nxf3+ 5. Qxf3 d6 6. Bc4 Nf6 7. Qb3 Qe7
8. O-O c6 9. Nc3 b5 10. Bd3 a5 11. Bg5 Bd7 12. a4 b4 13. Nd5 cxd5 14. exd5 h6
15. Bh4 g5 16. Bg3 Ng4 17. Rae1 Ne5 18. c3 Rb8 19. Re4 f5 20. Bxe5 dxe5 21. Rc4
Qd6 22. Re1 Be7 23. h4 O-O 24. hxg5 hxg5 25. Qd1 e4 26. Bc2 Rf7 27. Qh5 Rh7 28.
Qd1 Qh2+ 29. Kf1 Qh1+ 30. Ke2 Qxg2 31. Qd4 Qf3+ 32. Kd2 Rh2 33. Kc1 Qxf2 34.
Qxf2 Rxf2 35. d6 Bxd6 36. Rd4 Rb6 37. c4 Be6 38. Bb3 Bc5 39. Rd8+ Kf7 0-1

[Event "2. Solinger Karnevalsopen"]
[Site "Solingen"]
[Date "2011.03.05"]
[Round "2.27"]
[White "Junker, Stefan"]
[Black "Vranidis, Athanassios"]
[Result "1/2-1/2"]
[WhiteElo "1831"]
[BlackElo "1748"]
[PlyCount "56"]
[EventDate "2011.??.??"]

1. Nf3 Nf6 2. g3 e6 3. Bg2 d5 4. O-O Nbd7 5. d4 Be7 6. b3 O-O 7. c4 b6 8. Bb2
Bb7 9. Nbd2 Rc8 10. e3 c5 11. Ne5 cxd4 12. exd4 Ne4 13. Nxe4 dxe4 14. Qe2 f5
15. Rfd1 Nxe5 16. dxe5 Qc7 17. Rd2 Rcd8 18. Rad1 Rxd2 19. Rxd2 Rd8 20. Qd1 Bg5
21. Rxd8+ Qxd8 22. Qd6 Kf7 23. b4 Be7 24. Qxd8 Bxd8 25. Kf1 Be7 26. a3 Ba6 27.
b5 Bb7 28. Ke2 Bc5 1/2-1/2

[Event "2. Solinger Karnevalsopen"]
[Site "Solingen"]
[Date "2011.03.05"]
[Round "2.28"]
[White "Reksten, Daniel"]
[Black "Imcke, Patrick"]
[Result "0-1"]
[WhiteElo "1761"]
[BlackElo "1796"]
[PlyCount "54"]
[EventDate "2011.??.??"]

1. d4 e6 2. c4 f5 3. Nc3 Nf6 4. Nf3 b6 5. Bf4 Bb7 6. e3 Bb4 7. a3 Bxc3+ 8. bxc3
O-O 9. Be2 d6 10. O-O Nbd7 11. Qb3 Qe7 12. c5 Kh8 13. cxd6 cxd6 14. h3 Ne4 15.
Bh2 Rae8 16. a4 e5 17. a5 Ng5 18. Nxg5 Qxg5 19. d5 f4 20. exf4 exf4 21. Bf3 Ne5
22. c4 Bc8 23. axb6 axb6 24. Kh1 Qh4 25. Ra3 Rf6 26. Bg4 Bxg4 27. hxg4 Nxg4 0-1

[Event "2. Solinger Karnevalsopen"]
[Site "Solingen"]
[Date "2011.03.05"]
[Round "2.29"]
[White "Thumm, Felix"]
[Black "Fraenzel, Marius"]
[Result "1-0"]
[WhiteElo "1770"]
[BlackElo "1644"]
[PlyCount "57"]
[EventDate "2011.??.??"]

1. e4 e5 2. Nf3 Nc6 3. Bc4 Bc5 4. Nc3 Nf6 5. d3 h6 6. Bd2 d6 7. h3 Be6 8. Bb3
a6 9. O-O Qd7 10. Be3 Nd4 11. Bxd4 Bxd4 12. Nxd4 exd4 13. Ne2 Bxh3 14. gxh3
Qxh3 15. Nf4 Qh4 16. Qf3 Qg5+ 17. Qg3 Qxg3+ 18. fxg3 O-O 19. Ne2 c5 20. Nf4 b5
21. Nd5 Nxd5 22. Bxd5 Ra7 23. Rf4 g6 24. Rf6 Kg7 25. Rxd6 f5 26. Rf1 Rf6 27.
Rxf6 Kxf6 28. exf5 gxf5 29. Be4 1-0

[Event "2. Solinger Karnevalsopen"]
[Site "Solingen"]
[Date "2011.03.05"]
[Round "2.30"]
[White "Zolfagharian, Kevin"]
[Black "Vovchik, Vladimir"]
[Result "1-0"]
[WhiteElo "1626"]
[BlackElo "1769"]
[PlyCount "73"]
[EventDate "2011.??.??"]

1. e4 e5 2. Nf3 Nc6 3. Bc4 Bc5 4. c3 Nf6 5. d4 exd4 6. e5 Qe7 7. O-O Ne4 8.
cxd4 Bb6 9. Bd5 Nc5 10. dxc5 Bxc5 11. Nc3 h6 12. Re1 O-O 13. a3 Nd8 14. Ba2 c6
15. Ne4 Ne6 16. Bxe6 fxe6 17. Qc2 Bb6 18. Nd6 Bc7 19. Qg6 Bxd6 20. exd6 Qf6 21.
Qxf6 Rxf6 22. Be3 Kf7 23. Bd4 Rf5 24. Ne5+ Kg8 25. g4 Rf4 26. Rad1 b6 27. Kg2
c5 28. Bc3 Kh7 29. Kg3 g5 30. h4 Bb7 31. hxg5 hxg5 32. Rh1+ Bxh1 33. Rxh1+ Kg8
34. Ng6 Kf7 35. Nxf4 gxf4+ 36. Kxf4 Kg6 37. Rh8 1-0

[Event "2. Solinger Karnevalsopen"]
[Site "Solingen"]
[Date "2011.03.05"]
[Round "2.31"]
[White "Sloka, Andreas"]
[Black "Shishkov, Mark"]
[Result "0-1"]
[WhiteElo "1755"]
[BlackElo "1603"]
[PlyCount "120"]
[EventDate "2011.??.??"]

1. e4 c6 2. d4 d5 3. exd5 cxd5 4. Bd3 Nc6 5. c3 Qc7 6. h3 g6 7. Nf3 Bf5 8. O-O
Nf6 9. Re1 Bg7 10. Na3 a6 11. Nc2 O-O 12. Bxf5 gxf5 13. Ne5 Nd7 14. Nxd7 Qxd7
15. Bf4 Kh8 16. Qh5 e6 17. Re3 Ne7 18. Ne1 Ng6 19. Bh2 Rg8 20. Nf3 Bf6 21. Rae1
Qe7 22. Ne5 Nxe5 23. Bxe5 Bxe5 24. Rxe5 Qg5 25. Qxg5 Rxg5 26. Kh2 Rag8 27. g3
h5 28. h4 Rg4 29. Rg1 Re4 30. Re1 Rxe1 31. Rxe1 Kg7 32. Kg2 Kf6 33. f4 Ke7 34.
Kf3 Kd6 35. Rg1 b5 36. a3 Rc8 37. Ke3 a5 38. Kd3 Rc4 39. b3 Rc8 40. b4 axb4 41.
axb4 Ra8 42. Rd1 Ra2 43. Rd2 Ra1 44. Kc2 Re1 45. Rd3 f6 46. Kd2 Re4 47. Kd1 e5
48. dxe5+ fxe5 49. fxe5+ Kxe5 50. Rf3 d4 51. Kd2 dxc3+ 52. Kxc3 f4 53. gxf4+
Rxf4 54. Rxf4 Kxf4 55. Kd4 Kg4 56. Ke4 Kxh4 57. Kf4 Kh3 58. Kf3 h4 59. Kf2 Kg4
60. Kg2 Kf4 0-1

[Event "2. Solinger Karnevalsopen"]
[Site "Solingen"]
[Date "2011.03.05"]
[Round "2.32"]
[White "Krenz, Tomas"]
[Black "Falge, Rainer"]
[Result "1/2-1/2"]
[WhiteElo "1715"]
[BlackElo "1536"]
[PlyCount "31"]
[EventDate "2011.??.??"]

1. d4 d6 2. Nf3 Nf6 3. Bg5 g6 4. Nbd2 Bg7 5. e3 O-O 6. Bd3 Nc6 7. c3 Bg4 8. h3
Bd7 9. Qc2 a6 10. O-O Qc8 11. Kh1 e5 12. dxe5 dxe5 13. Rad1 Ne8 14. e4 Nd6 15.
Nc4 Nxc4 16. Bxc4 1/2-1/2

[Event "2. Solinger Karnevalsopen"]
[Site "Solingen"]
[Date "2011.03.05"]
[Round "2.33"]
[White "Brinkmann, Katharina"]
[Black "Reinacher, Detlev"]
[Result "1/2-1/2"]
[WhiteElo "1438"]
[BlackElo "1697"]
[PlyCount "68"]
[EventDate "2011.??.??"]

1. d4 Nf6 2. c4 d6 3. Nc3 g6 4. e4 Bg7 5. f4 O-O 6. Nf3 c6 7. Bd3 Nbd7 8. O-O
Qc7 9. f5 e5 10. fxg6 fxg6 11. d5 Qb6+ 12. Kh1 Ng4 13. Qe1 Nc5 14. Bc2 Nf6 15.
a3 a5 16. Rb1 Qc7 17. b4 axb4 18. axb4 Na6 19. Be3 Bd7 20. Qd2 cxd5 21. cxd5
Rac8 22. Rb3 Nxb4 23. Rxb4 Qxc3 24. Ba4 Bxa4 25. Rxa4 Ng4 26. Qxc3 Rxc3 27. Bd2
Rd3 28. Bb4 Ne3 29. Rc1 Nxg2 30. Kxg2 Rfxf3 31. Bxd6 Rc3 32. Ra8+ Kf7 33. Rb1
Rb3 34. Rc1 Rbc3 1/2-1/2

[Event "2. Solinger Karnevalsopen"]
[Site "Solingen"]
[Date "2011.03.05"]
[Round "2.34"]
[White "Reksten, Anne"]
[Black "Bashylin, Seva"]
[Result "0-1"]
[WhiteElo "1358"]
[BlackElo "1686"]
[PlyCount "116"]
[EventDate "2011.??.??"]

1. c4 e5 2. g3 Nc6 3. Bg2 g6 4. Nc3 Bg7 5. e3 f5 6. Nge2 Nf6 7. O-O O-O 8. f4
e4 9. a3 d5 10. cxd5 Nxd5 11. Rb1 Be6 12. b3 Nb6 13. Qc2 Nd7 14. Na4 Nf6 15.
Nc5 Bc8 16. Bb2 Qd6 17. Nd4 Nxd4 18. Bxd4 b6 19. b4 bxc5 20. Bxc5 Qd7 21. Bxf8
Bxf8 22. a4 Rb8 23. b5 Ne8 24. Rfd1 Nd6 25. Bf1 Bb7 26. Rbc1 Rc8 27. a5 Bd5 28.
Rb1 Qe6 29. Rdc1 Bg7 30. Qc5 Bf8 31. Qxa7 Nc4 32. Bxc4 Bxc4 33. b6 Bc5 34. Rxc4
Qxc4 35. b7 Rf8 36. b8=Q Bxa7 37. Qxa7 Qd3 38. Rb2 Qa3 39. Rc2 Qa1+ 40. Kg2 Qb1
41. Rxc7 Qb2 42. Qd4 Qxd4 43. exd4 Ra8 44. d5 Rxa5 45. d6 Rd5 46. d7 Kf8 47.
Rc8+ Ke7 48. d8=Q+ Rxd8 49. Rxd8 Kxd8 50. h3 Ke7 51. Kf2 h6 52. Ke3 Ke6 53. d3
exd3 54. Kxd3 Kd5 55. Ke3 Kc4 56. g4 Kc3 57. Kf3 Kd3 58. h4 h5 0-1

[Event "2. Solinger Karnevalsopen"]
[Site "Solingen"]
[Date "2011.03.05"]
[Round "2.35"]
[White "Jaskolka, Klaus"]
[Black "Masalsky, Boris"]
[Result "1-0"]
[WhiteElo "1671"]
[BlackElo "1424"]
[PlyCount "143"]
[EventDate "2011.??.??"]

1. d4 d5 2. Nf3 Nf6 3. c4 e6 4. Bg5 Be7 5. Nc3 c6 6. e3 Nbd7 7. Bd3 Qc7 8. O-O
O-O 9. c5 e5 10. dxe5 Nxe5 11. Bf4 Nxf3+ 12. Qxf3 Qd8 13. b4 Bg4 14. Qg3 Qd7
15. h3 Nh5 16. Qxg4 Qxg4 17. hxg4 Nxf4 18. exf4 Bf6 19. Rac1 g6 20. f5 a5 21.
b5 a4 22. Ne2 a3 23. bxc6 bxc6 24. Bc2 Bb2 25. Rcd1 Ra5 26. Nd4 Rxc5 27. Bb3
Rc8 28. fxg6 hxg6 29. f4 Ra5 30. f5 c5 31. Nf3 c4 32. Bc2 gxf5 33. Bxf5 Rd8 34.
Nd4 Rc5 35. g5 c3 36. g6 c2 37. gxf7+ Kxf7 38. Bxc2+ Ke7 39. Rfe1+ Kd7 40. Bf5+
Kd6 41. Ne6 Rdc8 42. Nxc5 Rxc5 43. Re6+ Kc7 44. g4 d4 45. Re7+ Kd6 46. Rde1 Rc1
47. R7e6+ Kd5 48. Rxc1 Bxc1 49. Re8 Be3+ 50. Kf1 Kc4 51. Be6+ Kd3 52. Bb3 Kd2
53. Ra8 d3 54. Rxa3 Kc1 55. Ke1 Bg5 56. Ra5 Bh4+ 57. Kf1 d2 58. Rd5 Be7 59. Ke2
Bb4 60. g5 Bc3 61. g6 Kb1 62. Rxd2 Bxd2 63. Kxd2 Kb2 64. g7 Kb1 65. g8=Q Kb2
66. Kd3 Kb1 67. Qg1+ Kb2 68. Qd4+ Kb1 69. Qf2 Ka1 70. Qd2 Kb1 71. Qc2+ Ka1 72.
Qc1# 1-0

[Event "2. Solinger Karnevalsopen"]
[Site "Solingen"]
[Date "2011.03.05"]
[Round "2.36"]
[White "Eick, Holger"]
[Black "Rist, Kurt"]
[Result "1-0"]
[WhiteElo "1058"]
[BlackElo "1670"]
[PlyCount "117"]
[EventDate "2011.??.??"]

1. d4 Nf6 2. Nf3 d5 3. e3 c6 4. Bd3 Bg4 5. Nbd2 Nbd7 6. b3 Qc7 7. Bb2 e6 8. c4
Bd6 9. Qc2 Bh5 10. c5 Be7 11. O-O Bg6 12. h3 O-O 13. Rfe1 Bxd3 14. Qxd3 Rfe8
15. Rac1 Rad8 16. Qc2 Bf8 17. b4 a6 18. Bc3 g6 19. e4 dxe4 20. Nxe4 Nd5 21.
Rcd1 Bg7 22. Nd6 Re7 23. Re2 N7f6 24. Ne5 Nf4 25. Ree1 N6d5 26. h4 Bf6 27. g3
Nxc3 28. Qxc3 Nd5 29. Qd2 Kg7 30. a3 h6 31. f4 Rh8 32. Kg2 Rg8 33. Rh1 Kh7 34.
Kf3 h5 35. Rde1 Ra8 36. Rb1 Bg7 37. Rb2 f6 38. Nec4 e5 39. f5 gxf5 40. Nxf5 e4+
41. Kg2 e3 42. Qd3 Rf7 43. Nfd6+ f5 44. Nxf7 Qxf7 45. Nxe3 Ne7 46. Rf2 Rd8 47.
Nxf5 Qg6 48. Rf3 Nxf5 49. Rxf5 Rxd4 50. Rxh5+ Bh6 51. Rxh6+ Kxh6 52. Qxd4 Qc2+
53. Kh3 Qf5+ 54. Qg4 Qd3 55. Qg5+ Kh7 56. Re1 Qd7+ 57. Qg4 Qf7 58. Qe4+ Kh6 59.
Qe6+ 1-0

[Event "2. Solinger Karnevalsopen"]
[Site "Solingen"]
[Date "2011.03.05"]
[Round "2.37"]
[White "Poghoshyan, Tigran"]
[Black "Rieger, Isabelle"]
[Result "1-0"]
[WhiteElo "1669"]
[BlackElo "1372"]
[PlyCount "31"]
[EventDate "2011.??.??"]

1. e4 c5 2. Nf3 Nc6 3. d4 cxd4 4. Nxd4 Nf6 5. Nc3 e5 6. Ndb5 d6 7. Bg5 a6 8.
Na3 b5 9. Nd5 Be7 10. Bxf6 gxf6 11. c4 b4 12. Nc2 a5 13. Be2 f5 14. Bf3 O-O 15.
exf5 Bxf5 16. Nxe7+ 1-0

[Event "2. Solinger Karnevalsopen"]
[Site "Solingen"]
[Date "2011.03.05"]
[Round "3.1"]
[White "Kuznetsov, Mark"]
[Black "Meijers, Viesturs"]
[Result "0-1"]
[WhiteElo "2147"]
[BlackElo "2493"]
[PlyCount "64"]
[EventDate "2011.??.??"]

1. d4 Nf6 2. Nf3 e6 3. c4 d5 4. g3 dxc4 5. Bg2 Nc6 6. O-O Rb8 7. a4 a6 8. Na3
b5 9. axb5 axb5 10. Nxb5 Rxb5 11. Qa4 Ra5 12. Qxc6+ Bd7 13. Qxd7+ Nxd7 14. Rxa5
Bd6 15. Bd2 O-O 16. Bc3 Qb8 17. Nd2 Bb4 18. Ra4 Bxc3 19. bxc3 Qb2 20. Nxc4 Qxe2
21. Ne3 f5 22. Ra7 Nf6 23. Rxc7 f4 24. gxf4 Nh5 25. f5 exf5 26. Rb1 h6 27. Rb6
f4 28. Bf1 Qe1 29. Ng4 f3 30. Nxh6+ Kh7 31. Rf7 Nf4 32. h4 Ne2+ 0-1

[Event "2. Solinger Karnevalsopen"]
[Site "Solingen"]
[Date "2011.03.05"]
[Round "3.2"]
[White "Mladenov, Svetlin"]
[Black "Naundorf, Maik"]
[Result "1-0"]
[WhiteElo "2440"]
[BlackElo "2131"]
[PlyCount "101"]
[EventDate "2011.??.??"]

1. e4 c5 2. Nf3 g6 3. c4 Nc6 4. d4 cxd4 5. Nxd4 Nf6 6. Nc3 Nxd4 7. Qxd4 d6 8.
Be3 Bg7 9. f3 O-O 10. Qd2 a5 11. Na4 Nd7 12. Be2 Nc5 13. Nxc5 dxc5 14. Bxc5 Qc7
15. Be3 Rd8 16. Qc2 Be5 17. g3 a4 18. Rc1 Qa5+ 19. Kf2 Qb4 20. b3 Be6 21. Rhd1
Rxd1 22. Rxd1 h5 23. f4 Bd6 24. f5 axb3 25. axb3 Bc8 26. fxg6 fxg6 27. c5 Bc7
28. Rd4 Qa3 29. Kg2 Kg7 30. Rd1 Be5 31. Qc4 Qb2 32. Rf1 e6 33. Rf2 Qc3 34. Qxc3
Bxc3 35. Bc4 Bd7 36. Rc2 Be5 37. Bf4 Kf6 38. h4 Bc6 39. Kf3 Ra1 40. Bg5+ Kf7
41. Rc1 Ra2 42. Ke3 Bxg3 43. Rf1+ Ke8 44. Bxe6 Bb5 45. Bf7+ Kd7 46. Rd1+ Kc7
47. Bxg6 Bf2+ 48. Kf4 Be2 49. Rd5 Rb2 50. Bf6 Rxb3 51. Be5+ 1-0

[Event "2. Solinger Karnevalsopen"]
[Site "Solingen"]
[Date "2011.03.05"]
[Round "3.3"]
[White "Philippe, Denis-Emmanuel"]
[Black "Helbig, Mark"]
[Result "1/2-1/2"]
[WhiteElo "2099"]
[BlackElo "2346"]
[PlyCount "87"]
[EventDate "2011.??.??"]

1. d4 Nf6 2. Nf3 e6 3. e3 b6 4. Bd3 Bb7 5. O-O c5 6. c4 Be7 7. Nc3 O-O 8. d5
exd5 9. cxd5 Nxd5 10. Nxd5 Bxd5 11. Bxh7+ Kxh7 12. Qxd5 Nc6 13. Bd2 g6 14. e4
Rc8 15. Rad1 d6 16. Rfe1 Nb4 17. Qb3 a5 18. Qe3 Rh8 19. Qf4 Kg8 20. Bc3 Rh7 21.
a3 Nc6 22. Rd5 Qf8 23. Bf6 Nd4 24. Nxd4 cxd4 25. Bxe7 Qxe7 26. Rxd4 Rh4 27. Qd2
Rc6 28. g3 Rh5 29. Rd5 Re5 30. Qd4 Rxd5 31. Qxd5 Rc2 32. Qb3 Qc7 33. Re3 Rc4
34. Rc3 b5 35. Rxc4 bxc4 36. Qb5 c3 37. bxc3 Qxc3 38. Qb8+ Kh7 39. Qxd6 Qe1+
40. Kg2 Qxe4+ 41. Kg1 Qe1+ 42. Kg2 Qe4+ 43. Kg1 Qe1+ 44. Kg2 1/2-1/2

[Event "2. Solinger Karnevalsopen"]
[Site "Solingen"]
[Date "2011.03.05"]
[Round "3.4"]
[White "Nagel, Bernhard"]
[Black "Ommer, Walter"]
[Result "1-0"]
[WhiteElo "2264"]
[BlackElo "2071"]
[PlyCount "109"]
[EventDate "2011.??.??"]

1. Nf3 d5 2. d4 Nf6 3. c4 c6 4. Nc3 g6 5. cxd5 cxd5 6. Bf4 Bg7 7. Bxb8 Rxb8 8.
Qa4+ Bd7 9. Qxa7 O-O 10. e3 Ra8 11. Qc5 Bc6 12. Qb4 Ne4 13. Be2 f6 14. O-O e5
15. a4 Re8 16. Bb5 Nd6 17. Qb3 Kh8 18. dxe5 fxe5 19. Rfd1 d4 20. Bxc6 bxc6 21.
exd4 e4 22. Ne5 Qc7 23. Rac1 Bxe5 24. dxe5 Rxe5 25. Nd5 Qb7 26. Qc3 Nf7 27. Nf6
Qe7 28. Qxc6 Ra7 29. Ng4 Re6 30. Qc3+ Kg8 31. b3 h5 32. Ne3 Ne5 33. Qc8+ Kg7
34. Qd8 Qf7 35. Rc8 Kh6 36. Qh8+ Kg5 37. Rf8 Qe7 38. g3 Qh7 39. h4+ Kh6 40. Kg2
Nd3 41. Qd4 Rd7 42. Qc4 Qe7 43. Qc8 Kg7 44. Rg8+ Kf6 45. Qc3+ Re5 46. Nc4 Qc5
47. Rf1 Rd4 48. Rc8 Qd5 49. Ne3 Qd7 50. Qc6+ Qxc6 51. Rxc6+ Kf7 52. Rc4 Rd6 53.
Rc7+ Kf6 54. Nc4 Rc5 55. Rxc5 1-0

[Event "2. Solinger Karnevalsopen"]
[Site "Solingen"]
[Date "2011.03.05"]
[Round "3.5"]
[White "Harff, Marcel"]
[Black "Probst, Andreas"]
[Result "1-0"]
[WhiteElo "2203"]
[BlackElo "2046"]
[PlyCount "59"]
[EventDate "2011.??.??"]

1. c4 c5 2. g3 Nf6 3. Bg2 g6 4. Nc3 Bg7 5. a3 Nc6 6. Rb1 O-O 7. b4 cxb4 8. axb4
d6 9. e4 Be6 10. d3 Ng4 11. Nd5 Rc8 12. Ne2 Nd4 13. O-O Nxe2+ 14. Qxe2 h5 15.
h3 Ne5 16. Be3 Nc6 17. f4 b5 18. f5 Bxd5 19. exd5 Nd4 20. Bxd4 Bxd4+ 21. Kh2
Be5 22. d4 Bxd4 23. fxg6 fxg6 24. Qe4 Qb6 25. Qe6+ Kh7 26. Rf7+ Bg7 27. Be4
Rxf7 28. Qxf7 Rxc4 29. Bxg6+ Kh6 30. Bd3 1-0

[Event "2. Solinger Karnevalsopen"]
[Site "Solingen"]
[Date "2011.03.05"]
[Round "3.6"]
[White "Wulfken, Christof"]
[Black "Peters, Alex"]
[Result "0-1"]
[WhiteElo "2046"]
[BlackElo "2211"]
[PlyCount "78"]
[EventDate "2011.??.??"]

1. d4 Nf6 2. Nf3 e6 3. c4 b6 4. Bg5 h6 5. Bh4 g5 6. Bg3 Ne4 7. Be5 f6 8. Qd3 d5
9. Bg3 Ba6 10. b3 Nc6 11. a3 h5 12. h3 Qd7 13. Nc3 Nxg3 14. fxg3 Bd6 15. Qg6+
Qf7 16. Qxf7+ Kxf7 17. cxd5 Bxg3+ 18. Kd2 exd5 19. Nxd5 g4 20. e3 Bxf1 21.
Rhxf1 gxf3 22. Rxf3 Bd6 23. Nxc7 Na5 24. Raf1 Bxc7 25. Rxf6+ Ke8 26. b4 Nc4+
27. Kd3 Nxa3 28. e4 Rd8 29. e5 Nb5 30. R1f4 Kd7 31. Kc4 a6 32. R4f5 h4 33. d5
Kc8 34. Rc6 Rh7 35. Rff6 Rhd7 36. d6 Nxd6+ 37. exd6 Rxd6 38. Rcxd6 Rxd6 39.
Rf8+ Rd8 0-1

[Event "2. Solinger Karnevalsopen"]
[Site "Solingen"]
[Date "2011.03.05"]
[Round "3.7"]
[White "Fichtner, Ewald"]
[Black "Hantak, Adam"]
[Result "1/2-1/2"]
[WhiteElo "1970"]
[BlackElo "2198"]
[PlyCount "45"]
[EventDate "2011.??.??"]

1. d4 d6 2. Nf3 g6 3. Bf4 Bg7 4. e3 Nd7 5. h3 e5 6. Bh2 Qe7 7. Be2 Ngf6 8. O-O
O-O 9. c4 Ne4 10. Nbd2 Nxd2 11. Qxd2 e4 12. Ne1 b6 13. Nc2 a5 14. a3 Bb7 15. b4
f5 16. Rab1 axb4 17. axb4 h6 18. Ra1 Kh7 19. Rxa8 Rxa8 20. Ra1 Qd8 21. Qc1 Nf8
22. Rxa8 Qxa8 23. Qa3 1/2-1/2

[Event "2. Solinger Karnevalsopen"]
[Site "Solingen"]
[Date "2011.03.05"]
[Round "3.8"]
[White "Goerke, Joachim"]
[Black "Moos, Gerd"]
[Result "1-0"]
[WhiteElo "2154"]
[BlackElo "2011"]
[PlyCount "95"]
[EventDate "2011.??.??"]

1. d4 e6 2. c4 f5 3. Nc3 Nf6 4. Nf3 Bb4 5. Bg5 O-O 6. e3 b6 7. Qb3 a5 8. O-O-O
Bb7 9. d5 Bxc3 10. Qxc3 exd5 11. cxd5 Qc8 12. Bc4 Ne4 13. Qc2 d6 14. Bf4 Ba6
15. Bxa6 Nxa6 16. a3 Nac5 17. Nd4 a4 18. f3 Nb3+ 19. Kb1 Nec5 20. Rhg1 Nxd4 21.
Rxd4 Qd7 22. g4 Kh8 23. Rd2 fxg4 24. Rxg4 Qf5 25. Qxf5 Rxf5 26. e4 Rf7 27. e5
dxe5 28. Bxe5 Re8 29. f4 Kg8 30. Kc2 g6 31. h4 Nd7 32. Rg5 Nf6 33. Rd4 Nh5 34.
Rxa4 Ref8 35. Rg4 Nf6 36. Bxf6 Rxf6 37. h5 Kg7 38. hxg6 hxg6 39. Kd3 Rf5 40.
Rd4 Rd8 41. Kc4 Ra8 42. Kd3 Rd8 43. Rg5 Kf6 44. Rxf5+ Kxf5 45. Kc4 g5 46. fxg5
Kxg5 47. d6 c6 48. d7 1-0

[Event "2. Solinger Karnevalsopen"]
[Site "Solingen"]
[Date "2011.03.05"]
[Round "3.9"]
[White "Schroeder, Jan-Christian"]
[Black "Winkler, Fabian"]
[Result "1-0"]
[WhiteElo "2144"]
[BlackElo "1989"]
[PlyCount "31"]
[EventDate "2011.??.??"]

1. e4 c6 2. d4 d5 3. e5 Bf5 4. Nd2 e6 5. Nb3 Nd7 6. Nf3 Qc7 7. Be3 f6 8. Bf4
Ne7 9. Bg3 Qb6 10. Bd3 c5 11. dxc5 Nxc5 12. Nxc5 Qxc5 13. O-O Rd8 14. Nd4 h5
15. Bxf5 Nxf5 16. Nxe6 1-0

[Event "2. Solinger Karnevalsopen"]
[Site "Solingen"]
[Date "2011.03.05"]
[Round "3.10"]
[White "Richter, Gerald"]
[Black "Lasschuit, Rene"]
[Result "1-0"]
[WhiteElo "2131"]
[BlackElo "1858"]
[PlyCount "55"]
[EventDate "2011.??.??"]

1. d4 e6 2. c4 Bb4+ 3. Bd2 Bxd2+ 4. Qxd2 Nf6 5. Nc3 d6 6. Nf3 O-O 7. g3 Nc6 8.
Bg2 e5 9. d5 Ne7 10. O-O Nh5 11. c5 f5 12. cxd6 cxd6 13. Rac1 Bd7 14. Ng5 Rb8
15. Ne6 Bxe6 16. dxe6 Qb6 17. Rfd1 Nf6 18. Qxd6 Qxd6 19. Rxd6 e4 20. f3 exf3
21. exf3 Rfd8 22. Rcd1 Nc6 23. f4 Rxd6 24. Rxd6 Rd8 25. Rxd8+ Nxd8 26. Nb5 Nxe6
27. Bxb7 a5 28. Bc8 1-0

[Event "2. Solinger Karnevalsopen"]
[Site "Solingen"]
[Date "2011.03.05"]
[Round "3.11"]
[White "Taeger, Torsten"]
[Black "Flesch, Stefan"]
[Result "1/2-1/2"]
[WhiteElo "2132"]
[BlackElo "2103"]
[PlyCount "155"]
[EventDate "2011.??.??"]

1. e4 g6 2. d4 Bg7 3. Nc3 d6 4. f3 a6 5. Be3 Nc6 6. Nge2 e5 7. Qd2 Nf6 8. O-O-O
exd4 9. Nxd4 Nxd4 10. Bxd4 Be6 11. g4 Qe7 12. h4 Qf8 13. Nd5 Bxd5 14. exd5 Kd8
15. Bh3 Nd7 16. g5 f5 17. f4 Qf7 18. Bg2 Re8 19. Rde1 Nf8 20. Qb4 Bxd4 21. Qxd4
Kd7 22. Kd2 Rxe1 23. Rxe1 Re8 24. Rxe8 Qxe8 25. c4 b6 26. Bf3 a5 27. Be2 Qe7
28. a3 Ke8 29. Bd1 Kf7 30. Ba4 Kg8 31. Qe3 Qxe3+ 32. Kxe3 Kf7 33. b4 axb4 34.
axb4 Ke7 35. Kd4 Kd8 36. c5 bxc5+ 37. bxc5 Kc8 38. Bc6 Kb8 39. Kc4 Kc8 40. Ba4
Kb7 41. Be8 dxc5 42. Kxc5 Kc8 43. Kd4 Kd8 44. Ba4 Ke7 45. Ke5 Nd7+ 46. Bxd7
Kxd7 47. Kf6 Kd6 48. Kg7 Kxd5 49. Kxh7 c5 50. Kxg6 c4 51. h5 c3 52. h6 c2 53.
h7 c1=Q 54. h8=Q Qxf4 55. Qa8+ Kc5 56. Qf8+ Kc4 57. Qf7+ Kb4 58. Qb7+ Ka3 59.
Qe7+ Ka4 60. Qd7+ Ka3 61. Qd3+ Ka2 62. Qc2+ Ka3 63. Qxf5 Qd6+ 64. Qf6 Qd3+ 65.
Kg7 Qd7+ 66. Qf7 Qd4+ 67. Kg8 Ka4 68. Qe8+ Kb3 69. g6 Kc2 70. Qe6 Qd8+ 71. Kf7
Qc7+ 72. Kf6 Qd8+ 73. Kf5 Qf8+ 74. Kg5 Qd8+ 75. Kg4 Qd4+ 76. Kg5 Qd2+ 77. Kf6
Qd4+ 78. Kf7 1/2-1/2

[Event "2. Solinger Karnevalsopen"]
[Site "Solingen"]
[Date "2011.03.05"]
[Round "3.12"]
[White "Turco, Alfonso"]
[Black "Kuehn, Matthias"]
[Result "1-0"]
[WhiteElo "2071"]
[BlackElo "1949"]
[PlyCount "95"]
[EventDate "2011.??.??"]

1. b3 e5 2. Bb2 Nc6 3. c4 d6 4. g3 f5 5. Bg2 Nf6 6. e3 g6 7. Ne2 Bg7 8. d4 Bd7
9. Nbc3 O-O 10. Nd5 Rb8 11. O-O Ne7 12. dxe5 Nfxd5 13. cxd5 dxe5 14. f4 e4 15.
Bxg7 Kxg7 16. Qd4+ Kg8 17. Qc4 Rf7 18. Rfd1 c6 19. Nc3 Qb6 20. d6 Qxe3+ 21. Kh1
Nc8 22. Rac1 b5 23. Qf1 Qb6 24. b4 Be6 25. Qe1 Rd7 26. Bxe4 fxe4 27. Nxe4 Qd8
28. Rxc6 Bf5 29. Qe3 Bxe4+ 30. Qxe4 Rxd6 31. Rcxd6 Nxd6 32. Qe6+ Nf7 33. Rxd8+
Rxd8 34. Kg2 Kf8 35. Qe2 a6 36. a4 Nd6 37. axb5 Nxb5 38. Qe5 Rd6 39. Qh8+ Kf7
40. Qxh7+ Kf6 41. Qh8+ Ke6 42. Qe5+ Kd7 43. h4 Nd4 44. h5 gxh5 45. f5 Nc6 46.
Qg7+ Ke8 47. f6 Ne5 48. Qe7# 1-0